Statistics for Fill In The Blanks #5

Click here to take the quiz!

General Stats

  • This quiz has been taken 14 times
  • The average score is 4 of 6

Answer Stats

HintIncompleteAnswer% Correct
Social media platform, rhymes with concordD_s_o_dDiscord
89%
Shares 5 letter with the word notifyS_o_i_ySpotify
78%
This website calls you a tubeY_u_u_eYoutube
78%
Microsoft browser that is a phone notification noiseB_n_Bing
67%
Google Hangouts newer versionG_o_l_ C_a_Google Chat
56%
Google version of ExcelG_o_l_ S_e_t_Google Sheets
56%

Score Distribution

Percentile by Number Answered

Percent of People with Each Score

Your Score History

You have not taken this quiz